[Event "MSU Cup"]
[Site "Moscow"]
[Date "2024.04.24"]
[Round "6.12"]
[White "Shermuhammadova, Shahzoda"]
[Black "Sideifzade, Fikret"]
[Result "0-1"]
[WhiteElo "1742"]
[BlackElo "2361"]
[PlyCount "94"]
[EventDate "2024.04.22"]
[EventType "team-tourn"]
[EventRounds "9"]
[EventCountry "RUS"]
[SourceTitle "CB18_2024"]
[SourceDate "2024.05.01"]
[SourceVersion "1"]
[SourceVersionDate "2024.05.01"]
[SourceQuality "2"]
[WhiteTeam "Uzbekistan"]
[BlackTeam "Azerbaijan"]
[WhiteTeamCountry "UZB"]
[BlackTeamCountry "AZE"]

1. e4 c5 2. Nf3 e6 3. c3 Nf6 4. d3 Nc6 5. Bg5 Be7 6. Be2 d5 7. Nbd2 0-0 8. 0-0 b6 9. Qc2 Ba6 10. Rfe1 Rc8 11. a3 h6 12. Bh4 Re8 13. Qa4 Bb7 14. Rad1 a6 15. exd5 exd5 16. c4 d4 17. Bf1 Qc7 18. Bg3 Bd6 19. Bxd6 Qxd6 20. Qb3 Na5 21. Qc2 b5 22. b3 g5 23. Qb2 Nc6 24. Qc2 Ne5 25. Nxe5 Rxe5 26. Qc1 Rce8 27. cxb5 axb5 28. a4 Ng4 29. g3 Qf6 30. f4 gxf4 31. Ne4 Rxe4 32. dxe4 fxg3 33. Qd2 Qf2+ 34. Qxf2 gxf2+ 35. Kg2 fxe1Q 36. Rxe1 Ne3+ 37. Kf2 Nxf1 38. Rxf1 bxa4 39. bxa4 Bxe4 40. a5 c4 41. Re1 f5 42. a6 Ra8 43. Ra1 c3 44. Ke2 d3+ 45. Kd1 Bf3+ 46. Kc1 d2+ 47. Kc2 d1Q+ 0-1

[Event "MSU Cup"]
[Site "Moscow"]
[Date "2024.04.23"]
[Round "3.12"]
[White "Sahakyan, Arman K"]
[Black "Shermuhammadova, Shahzoda"]
[Result "1-0"]
[WhiteElo "2014"]
[BlackElo "1742"]
[PlyCount "62"]
[EventDate "2024.04.22"]
[EventType "team-tourn"]
[EventRounds "9"]
[EventCountry "RUS"]
[SourceTitle "CB18_2024"]
[SourceDate "2024.05.01"]
[SourceVersion "1"]
[SourceVersionDate "2024.05.01"]
[SourceQuality "2"]
[WhiteTeam "Armenia"]
[BlackTeam "Uzbekistan"]
[WhiteTeamCountry "ARM"]
[BlackTeamCountry "UZB"]

1. c4 Nf6 2. g3 d6 3. Bg2 c6 4. Nc3 e5 5. e3 c5 6. Nge2 Be7 7. d4 Nbd7 8. 0-0 a6 9. a3 Qc7 10. Qd3 0-0 11. b3 Rb8 12. f4 exd4 13. exd4 cxd4 14. Nxd4 Nc5 15. Qc2 Qb6 16. Kh1 Re8 17. b4 Ne6 18. Nf5 Bf8 19. Be3 Qc7 20. Qd3 Qd7 21. Rad1 Nc5 22. Nh6+ gxh6 23. bxc5 dxc5 24. Qc2 Qf5 25. Qc1 Ng4 26. Bg1 b6 27. Rd5 Qg6 28. f5 Qg7 29. Rdd1 Bb7 30. Nd5 Bxd5 31. Rxd5 Re7 1-0